[Event "Krefeld Easter op"]
[Site "Krefeld"]
[Date "2025.04.20"]
[Round "7"]
[White "Huether, Jakob"]
[Black "Metin, Altug"]
[Result "1/2-1/2"]
[WhiteElo "1843"]
[BlackElo "1892"]
[PlyCount "91"]
[EventDate "2025.04.17"]
[EventType "swiss"]
[EventRounds "9"]
[EventCountry "GER"]
[SourceTitle "CB17_2025"]
[SourceDate "2025.04.23"]
[SourceVersion "1"]
[SourceVersionDate "2025.04.23"]
[SourceQuality "1"]

1. e4 c5 2. Nf3 d6 3. Bc4 Nf6 4. d3 e6 5. 0-0 Be7 6. Nc3 0-0 7. Bb3 Nc6 8. a4 a6 9. d4 cxd4 10. Nxd4 Bd7 11. Be3 Rc8 12. h3 Na5 13. f4 Nxb3 14. Nxb3 Bc6 15. Qd3 Qc7 16. Nd4 Bd7 17. f5 e5 18. Nb3 Bc6 19. Rad1 Rfd8 20. a5 Qb8 21. Bb6 Rd7 22. Qe3 d5 23. exd5 Nxd5 24. Nxd5 Bxd5 25. Rd2 h6 26. Qg3 Bg5 27. Rdd1 Rxc2 28. Rf2 Qc8 29. Rdf1 Qc4 30. Nc5 Bh4 31. Qe3 Bxf2+ 32. Rxf2 Rxf2 33. Qxf2 Re7 34. f6 gxf6 35. Bd8 Re8 36. Qg3+ Kh7 37. Nd7 Qc1+ 38. Kh2 Re6 39. Nxf6+ Rxf6 40. Bxf6 Qf4 41. Bxe5 Qxg3+ 42. Kxg3 Kg6 43. Kf2 Kf5 44. Bc3 h5 45. g3 Ke4 46. h4 1/2-1/2

[Event "Krefeld Easter op"]
[Site "Krefeld"]
[Date "2025.04.19"]
[Round "4"]
[White "Takada, Kazuko"]
[Black "Huether, Jakob"]
[Result "0-1"]
[WhiteElo "1573"]
[BlackElo "1843"]
[PlyCount "78"]
[EventDate "2025.04.17"]
[EventType "swiss"]
[EventRounds "9"]
[EventCountry "GER"]
[SourceTitle "CB17_2025"]
[SourceDate "2025.04.23"]
[SourceVersion "1"]
[SourceVersionDate "2025.04.23"]
[SourceQuality "1"]

1. e4 e6 2. d4 d5 3. exd5 exd5 4. Nc3 Bf5 5. Nf3 Nf6 6. h3 Be7 7. Be2 0-0 8. 0-0 c6 9. Bf4 Bd6 10. Bg5 Nbd7 11. Bd3 Bxd3 12. Qxd3 Qc7 13. Rfe1 Rfe8 14. Ne5 Nxe5 15. dxe5 Bxe5 16. Kf1 h6 17. Bd2 Rad8 18. Rab1 Nh5 19. Ne2 Bf6 20. c3 Be5 21. Ng1 Nf6 22. Nf3 Bf4 23. Rxe8+ Rxe8 24. Rd1 Bxd2 25. Qxd2 Ne4 26. Qd4 b6 27. b4 Rd8 28. a3 c5 29. bxc5 bxc5 30. Qe3 Qa5 31. c4 Nc3 32. Rd2 d4 33. Qe7 Rb8 34. g4 Qb6 35. Kg2 a5 36. Ne5 Qb7+ 37. Nc6 Qxc6+ 38. Kh2 Rb1 39. Rd3 Rh1+ 0-1